A common arrangement of work sections for specifications and quantities: a study for the Co-ordinating Committee for Project Information Stage 2 report, October 1984 (Record no. 95334)

MARC details
000 -LEADER
fixed length control field 00810cam a2200193 4500
001 - CONTROL NUMBER
control field D2771
008 - FIXED-LENGTH DATA ELEMENTS--GENERAL INFORMATION
fixed length control field 090401t1985 xxu||||| |||| 00| 0 eng d
035 ## - SYSTEM CONTROL NUMBER
System control number (Sirsi) u70523
041 ## - LANGUAGE CODE
Language code of text/sound track or separate title eng
050 ## - LIBRARY OF CONGRESS CALL NUMBER
Classification number 692.3
110 ## - MAIN ENTRY--CORPORATE NAME
Corporate name or jurisdiction name as entry element Co-ordinating Committee For Project Information
9 (RLIN) 2751
245 #2 - TITLE STATEMENT
Title A common arrangement of work sections for specifications and quantities: a study for the Co-ordinating Committee for Project Information Stage 2 report, October 1984
260 ## - PUBLICATION, DISTRIBUTION, ETC.
Place of publication, distribution, etc. London
Name of publisher, distributor, etc. Committee for Project Information
Date of publication, distribution, etc. 1985
300 ## - PHYSICAL DESCRIPTION
Extent 284p. 30cm
350 ## - PRICE (NR) (BK AM CF MU VM SE) [OBSOLETE]
Price 0
520 ## - SUMMARY, ETC.
Summary, etc. The Committee is sponsored by the Association of Consulting Engineers, Building Employer`s Confederation, Royal Institute of British Architects and Royal Institution of Charteres Surveyors
942 ## - ADDED ENTRY ELEMENTS (KOHA)
Suppress in OPAC 0
948 ## - LOCAL PROCESSING INFORMATION (OCLC); SERIES PART DESIGNATOR (RLIN)
c (OCLC) 04/03/1997
Holdings
Withdrawn status Lost status Source of classification or shelving scheme Damaged status Not for loan Home library Current library Shelving location Date acquired Total Checkouts Full call number Barcode Date last seen Copy number Price effective from Koha item type
    Dewey Decimal Classification     London London Folio 14/09/1999   F692.3 300941 06/08/2019 3 06/08/2019 Book